Gestión migratoria en Norte y Centroamérica: manifestaciones y contestaciones /
En este ensayo se analizan las manifestaciones y contestaciones del paradigma de la gestión migratoria en Norte y Centroamérica, sosteniendo que esta es una respuesta importante a la creciente migración transnacional, pues determina los arreglos institucionales de un nuevo régimen de movilidad regio...
Spremljeno u:
| Glavni autor: | |
|---|---|
| Format: | Tekst |
| Jezik: | Spanish |
| Teme: | |
| Oznake: |
Dodaj oznaku
Bez oznaka, Budi prvi tko označuje ovaj zapis!
|
MARC
| LEADER | 00000 a a2200000 04500 | ||
|---|---|---|---|
| 001 | 43176 | ||
| 003 | cru CRAI/IIS | ||
| 005 | 20210414103910.0 | ||
| 008 | 210414b ||||| |||| 00| 0 spa d | ||
| 040 | |c cru CRAI/IIS | ||
| 100 | |a Kron, Stefanie | ||
| 245 | |a Gestión migratoria en Norte y Centroamérica: |b manifestaciones y contestaciones / |c Stefanie Kron | ||
| 500 | |a skron@zedat.fu-berlin.de | ||
| 500 | |a Colección Centroamérica | ||
| 520 | |a En este ensayo se analizan las manifestaciones y contestaciones del paradigma de la gestión migratoria en Norte y Centroamérica, sosteniendo que esta es una respuesta importante a la creciente migración transnacional, pues determina los arreglos institucionales de un nuevo régimen de movilidad regional que articula el norte con Centroamérica. | ||
| 590 | |a SJB/JUNIO2012 | ||
| 650 | |a 1.MIGRACION INTERNACIONAL | ||
| 650 | |a 2.REGIONALIZACION | ||
| 650 | |a 3.GOBERNABILIDAD | ||
| 650 | |a 4.POLITICAS MIGRATORIA | ||
| 650 | |a 5.LEGISLACION | ||
| 650 | |a 6.AMERICA CENTRAL | ||
| 773 | |g volumen37 ( , 2011), páginas 53-85 | ||
| 773 | 0 | |0 18765 |9 5253 |a Universidad de Costa Rica. |d San José, Costa Rica: Editorial Universidad de Costa Rica, 1974- |o 13124 |t Anuario de Estudios Centroamericanos / |x 03777316 | |
| 942 | |2 ddc |c PP | ||
| 999 | |c 29476 |d 29476 | ||
